Strategic human resourcing: (Record no. 5207)
[ view plain ]
| 000 -LEADER | |
|---|---|
| fixed length control field | 00492nam a22001817a 4500 |
| 005 - DATE AND TIME OF LATEST TRANSACTION | |
| control field | 20250326121110.0 |
| 008 - FIXED-LENGTH DATA ELEMENTS--GENERAL INFORMATION | |
| fixed length control field | 250326b |||||||| |||| 00| 0 eng d |
| 020 ## - INTERNATIONAL STANDARD BOOK NUMBER | |
| International Standard Book Number | 9780273631644 |
| 050 ## - LIBRARY OF CONGRESS CALL NUMBER | |
| Classification number | HF 5549 STR |
| Item number | 1 |
| 100 ## - MAIN ENTRY--PERSONAL NAME | |
| Personal name | LEOPOLD, John |
| 245 ## - TITLE STATEMENT | |
| Title | Strategic human resourcing: |
| Remainder of title | Principles,perspectives and practices |
| 260 ## - PUBLICATION, DISTRIBUTION, ETC. | |
| Place of publication, distribution, etc. | England |
| Name of publisher, distributor, etc. | Prentice Hall |
| Date of publication, distribution, etc. | 1999c |
| 300 ## - PHYSICAL DESCRIPTION | |
| Extent | xxiii,470p |
| 500 ## - GENERAL NOTE | |
| General note | index, |
| 700 ## - ADDED ENTRY--PERSONAL NAME | |
| Personal name | HARRIS, Lynett |
| 710 ## - ADDED ENTRY--CORPORATE NAME | |
| Corporate name or jurisdiction name as entry element | Watson, Tony |
| 942 ## - ADDED ENTRY ELEMENTS (KOHA) | |
| Source of classification or shelving scheme | Library of Congress Classification |
| Koha item type | Books |
| Suppress in OPAC | No |
| 999 ## - | |
| -- | 5207 |
| -- | 5207 |
| Withdrawn status | Lost status | Source of classification or shelving scheme | Damaged status | Not for loan | Collection | Home library | Current library | Shelving location | Date acquired | Total checkouts | Full call number | Barcode | Date last seen | Copy number | Price effective from | Koha item type |
|---|---|---|---|---|---|---|---|---|---|---|---|---|---|---|---|---|
| Library of Congress Classification | Non-fiction | Graduate Library (Christ Temple) | Graduate Library (Christ Temple) | General stacks | 03/26/2025 | HF 5549 STR | GSCT00000825 | 03/26/2025 | 1 | 03/26/2025 | Books | |||||
| Library of Congress Classification | Graduate Library (Christ Temple) | Graduate Library (Christ Temple) | General stacks | 02/12/2026 | HF5549STR | gsct00002369 | 02/12/2026 | 02/12/2026 | Books | |||||||
| Library of Congress Classification | Graduate Library (Christ Temple) | Graduate Library (Christ Temple) | General stacks | 02/13/2026 | HF 5549 STR | gsct00002467 | 02/13/2026 | 02/13/2026 | Books | |||||||
| Library of Congress Classification | Graduate Library (Christ Temple) | Graduate Library (Christ Temple) | General stacks | 02/13/2026 | HF 5549 STR | gsct00002468 | 02/13/2026 | 02/13/2026 | Books | |||||||
| Library of Congress Classification | Graduate Library (Christ Temple) | Graduate Library (Christ Temple) | General stacks | 02/13/2026 | HF 5549 STR | gsct00002469 | 02/13/2026 | 02/13/2026 | Books | |||||||
| Library of Congress Classification | Graduate Library (Christ Temple) | Graduate Library (Christ Temple) | General stacks | 02/13/2026 | HF 5549 STR | gsct00002470 | 02/13/2026 | 02/13/2026 | Books | |||||||
| Library of Congress Classification | Graduate Library (Christ Temple) | Graduate Library (Christ Temple) | General stacks | 02/13/2026 | HF 5549 STR | gsct00002471 | 02/13/2026 | 02/13/2026 | Books | |||||||
| Library of Congress Classification | Graduate Library (Christ Temple) | Graduate Library (Christ Temple) | General stacks | 02/13/2026 | HF 5549 STR | gsct00002472 | 02/13/2026 | 02/13/2026 | Books | |||||||
| Library of Congress Classification | Graduate Library (Christ Temple) | Graduate Library (Christ Temple) | General stacks | 02/13/2026 | HF 5549 STR | gsct00002473 | 02/13/2026 | 02/13/2026 | Books | |||||||
| Library of Congress Classification | Graduate Library (Christ Temple) | Graduate Library (Christ Temple) | General stacks | 02/13/2026 | HF 5549 STR | gsct00002474 | 02/13/2026 | 02/13/2026 | Books | |||||||
| Library of Congress Classification | Non-fiction | Undergraduate Library (Christ Temple) | Undergraduate Library (Christ Temple) | General stacks | 05/16/2025 | HF 5549 STR | ulct00002432 | 05/16/2025 | 1 | 05/16/2025 | Books |